000
00285nam a22001337a 4500
003
SGT
082
_a
612.015
_b
E17P
100
_a
PASHA, ERAM HUSSAIN
245
_a
ESTIMATION OF SOWBLE TRANSFFRRIN
260
_a
SGTU
_c
2017
300
_a
70
650
_a
BIOCHEMISTRY
942
_2
ddc
_c
TH
999
_c
20541
_d
20541